000 00674nam a2200289Ia 4500
005 20260324120706.0
008 008 260324s9999 xx 000 0 eng d
020 _a9780203068960
037 _aEBOOK
040 _aCRL
040 _beng
040 _cCRL
041 _2eng
041 _aeng
084 _qCRL
100 _aDel Weston
_91159587
245 4 _aThe Political Economy of Global Warming
245 4 _bThe Terminal Crisis
260 _bTaylor and Francis
260 _c2014
365 _a
365 _b240
856 _uhttp://www.taylorfrancis.com/books/9780203068960
942 _cEBOOK
999 _c1751254
_d1751254